| 000 | 00745nam a2200229Ia 4500 | ||
|---|---|---|---|
| 008 | 191130s2007##################000#0#eng## | ||
| 020 | _a9780670917105 | ||
| 040 |
_aACL _cACL |
||
| 082 | _a790.194 DAV | ||
| 100 | _aDavidson, Rosemary | ||
| 245 |
_aThe great big glorious book for girls _cRosemary Davidson and Sarah Vine ; illustrations by Natacha Ledwidge |
||
| 260 |
_aLondon _bViking _c2007 |
||
| 300 | _a304 p. : ill. ; 26 cm | ||
| 650 | _aGirls -- Life skills guides | ||
| 650 | _aGirls -- Social life and customs -- Miscellanea | ||
| 650 | _aLife skills -- Handbooks, manuals, etc | ||
| 700 | _aLedwidge, Natacha | ||
| 700 | _aVine, Sarah | ||
| 990 | _ae4a8a332ac10000c13d654c790b94858 | ||
| 991 | _a374344 | ||
| 999 |
_c51323 _d51323 |
||